MARC
|
|
|
|
| LEADER |
00000nam0a2200000 4500 |
| 001 |
360058 |
| 005 |
20231102011239.0 |
| 035 |
|
|
|a (RuTPU)RU\TPU\retro\17366
|
| 090 |
|
|
|a 360058
|
| 100 |
|
|
|a 20210303d1900 m y0frey50 ba
|
| 101 |
0 |
|
|a fre
|
| 102 |
|
|
|a BE
|
| 105 |
|
|
|a y z 000yy
|
| 200 |
1 |
|
|a Rapport general sur la situation de l'industrie metallurgique en 1899
|f Аssociation des maitres de forges de Charleroi ; H. de Nimal
|
| 210 |
|
|
|a Charleroi
|c Imprimerie-papeterie F. Henry-Quinet
|d 1900
|
| 215 |
|
|
|a CXCVIII, 95 p.
|
| 300 |
|
|
|a Раздельная пагинация страниц
|
| 300 |
|
|
|a В описании используется грамматика 19 века
|
| 316 |
|
|
|5 63413507: 51//49
|a На титульном листе дарственная надпись: "В дар от Н. Асташева 25/X 904"
|
| 317 |
|
|
|5 63413507: 51//49
|a Поступил в НТБ в 1904 г. в дар от наследников Н. В. Асташева
|
| 541 |
1 |
|
|a Общий отчет о положении металлургической промышленности
|z fre
|
| 606 |
1 |
|
|a Металлургическая промышленность
|2 stltpush
|3 (RuTPU)RU\TPU\subj\42721
|9 62378
|
| 610 |
1 |
|
|a французский язык
|
| 610 |
1 |
|
|a металлургия
|
| 610 |
1 |
|
|a статистика
|
| 610 |
1 |
|
|a отчеты
|
| 610 |
1 |
|
|a Коллекция Н. В. Асташева
|
| 610 |
1 |
|
|a дарственные надписи
|
| 610 |
1 |
|
|a Европа
|
| 610 |
1 |
|
|a Россия
|
| 610 |
1 |
|
|a Африка
|
| 610 |
1 |
|
|a Океания
|
| 610 |
1 |
|
|a Азия
|
| 610 |
1 |
|
|a Америка
|
| 610 |
1 |
|
|a чугуноплавильное производство
|
| 610 |
1 |
|
|a сталепроизводство
|
| 610 |
1 |
|
|a стальные слитки
|
| 610 |
1 |
|
|a экспорт
|
| 610 |
1 |
|
|a импорт
|
| 610 |
1 |
|
|a железо
|
| 610 |
1 |
|
|a тарифы
|
| 610 |
1 |
|
|a цена
|
| 610 |
1 |
|
|a 19 век
|
| 610 |
1 |
|
|a металлургическая отрасль
|
| 610 |
1 |
|
|a руда
|
| 610 |
1 |
|
|a перевозки
|
| 610 |
1 |
|
|a стоимость
|
| 610 |
1 |
|
|a страхование от несчастных случаев
|
| 610 |
1 |
|
|a металлургические заводы
|
| 610 |
1 |
|
|a синдикаты
|
| 610 |
1 |
|
|a объемы производства
|
| 675 |
|
|
|a 669
|v 3
|
| 702 |
|
1 |
|a de Nimal
|b H.
|4 710
|
| 712 |
0 |
2 |
|a Аssociation des maitres de forges de Charleroi
|
| 801 |
|
1 |
|a RU
|b 63413507
|c 20210303
|
| 801 |
|
2 |
|a RU
|b 63413507
|c 20220608
|g RCR
|
| 942 |
|
|
|c BK
|